Catálogo
 En Linea

Cuentos premiados 1984 / (Registro nro. 12065)

Detalles MARC
000 -CABECERA
campo de control de longitud fija 01869nam a2200301 i 4500
001 - NÚMERO DE CONTROL
campo de control 000012408
003 - IDENTIFICADOR DEL NÚMERO DE CONTROL
campo de control DO-SdBNP
005 - FECHA Y HORA DE LA ÚLTIMA TRANSACCIÓN
campo de control 20250904084913.0
007 - CAMPO FIJO DE DESCRIPCIÓN FÍSICA--INFORMACIÓN GENERAL
campo de control de longitud fija ta
008 - DATOS DE LONGITUD FIJA--INFORMACIÓN GENERAL
campo de control de longitud fija 091112s1985 dr a 000 j spa d
040 ## - FUENTE DE LA CATALOGACIÓN
Centro catalogador/agencia de origen DO-SdBNP
Lengua de catalogación spa
Centro/agencia transcriptor BNPHU
Normas de descripción rda
041 ## - CÓDIGO DE LENGUA
Código de lengua del texto/banda sonora o título independiente spa
082 #4 - NÚMERO DE LA CLASIFICACIÓN DECIMAL DEWEY
Número de clasificación RD863.44
Número de documento/Ítem P925c 1984
Número de edición 22
111 2# - ENTRADA PRINCIPAL--NOMBRE DE CONGRESO/REUNIÓN
Nombre de congreso/reunión o jurisdicción como elemento de entrada Premio Casa de Teatro
Número del congreso/reunión o número de parte o sección (7 :
Fecha del congreso/reunión 1984 :
Sede del congreso/Lugar de la reunión Santo Domingo)
9 (RLIN) 29104
245 10 - MENCIÓN DE TÍTULO
Título Cuentos premiados 1984 /
Mención de responsabilidad, etc. presentación, Freddy Ginebra.
264 #1 - PRODUCCIÓN, PUBLICACIÓN, DISTRIBUCIÓN, FABRICACIÓN Y COPYRIGHT
Producción, publicación, distribución, fabricación y copyright Santo Domingo :
Nombre del de productor, editor, distribuidor, fabricante Casa de Teatro,
-- Editora Taller,
Fecha de producción, publicación, distribución, fabricación o copyright 1985.
300 ## - DESCRIPCIÓN FÍSICA
Extensión 115 páginas :
Otras características físicas ilustraciones ;
Dimensiones 21 cm.
336 ## - TIPO DE CONTENIDO
Término de tipo de contenido texto
Código de tipo de contenido txt
Fuente rdacontent
337 ## - TIPO DE MEDIO
Nombre/término del tipo de medio sin mediación
Código del tipo de medio n
Fuente rdamedia
338 ## - TIPO DE SOPORTE
Nombre/término del tipo de soporte volumen
Código del tipo de soporte nc
Fuente rdacarrier
500 ## - NOTA GENERAL
Nota general Recopilación de los trabajos galardonados por el VII Premio Casa de Teatro
505 0# - NOTA DE CONTENIDO CON FORMATO
Nota de contenido con formato Palabras de presentación --
Título Veredicto --
-- Primer premio : Pormenores de una servidumbre /
Mención de responsabilidad Pedro Peix (Seudónimo :" Gartinez") --
Título Segundo premio : Visitación /
Mención de responsabilidad Manuel García Cartagena (Seudónimo : "Azrael ") --
Título Tercer premio : Desolación otoñal /
Mención de responsabilidad Mayra Estrada Paulino (Seudónimo : " Vladimir Brik") --
Título Mensiones honoríficas:
-- La tumba que ha de tener la Alaika /
Mención de responsabilidad José Cabrera (Seudónimo :" Lobo Rojo" )
Título Ay, Yanet asi no se puede! /
Mención de responsabilidad Pedro Camilo Camilo (Seudónimo :" Juan Preciado") --
Título Complice de la subversión /
Mención de responsabilidad Ricardo Rivera Aybar (Seudónimo : " Abdul el kadeer")
Título Pedazos de abuela y tierra /
Mención de responsabilidad Reynaldo Disla (Seudónimo : "Zeus Rominus")
Título Y la estrella brillaba ... brillaba /
Mención de responsabilidad Rosario C. Then Hernández (Seudónimo : "Sheena")
Título Solo son ellos /
Mención de responsabilidad Rosario C. Then Hernández (Seudónimo :" Sheena")
590 ## - NOTA LOCAL (RLIN)
Nota local Inventariado, 2020 /LP
700 12 - PUNTO DE ACCESO ADICIONAL--NOMBRE DE PERSONA
Nombre de persona Ginebra, Freddy
9 (RLIN) 21605
Término indicativo de función/relación presentador
Código de función/relación pr.
710 2# - PUNTO DE ACCESO ADICIONAL--NOMBRE DE ENTIDAD CORPORATIVA
Nombre de entidad corporativa o nombre de jurisdicción como elemento de entrada Casa de Teatro (República Dominicana)
9 (RLIN) 26649
910 ## - DATOS DE OPCIÓN DEL USUARIO (OCLC)
Datos de opción del usuario Validado. Control de calidad MFF
942 ## - ELEMENTOS DE PUNTO DE ACCESO ADICIONAL (KOHA)
Fuente del sistema de clasificación o colocación Dewey Decimal Classification
Tipo de ítem Koha Libro
Existencias
Estado de retiro Estado de pérdida Fuente del sistema de clasificación o colocación Restricciones de uso No para préstamo Código de colección Localización permanente Ubicación/localización actual Ubicación en estantería Fecha de adquisición Total de préstamos Signatura topográfica completa Código de barras Fecha visto por última vez Precio válido a partir de Tipo de ítem Koha Fuente de adquisición Número de copia
    Dewey Decimal Classification Excluido de préstamo   Patrimonio Dominicano Biblioteca Nacional Pedro Henríquez Ureña Biblioteca Nacional Pedro Henríquez Ureña Depósito 12.11.2009   BNPHU PD RD863.44 P925c 1984 12408-10 25.06.2020 25.06.2020 Libro    
    Dewey Decimal Classification Excluido de préstamo   Patrimonio Dominicano Biblioteca Nacional Pedro Henríquez Ureña Biblioteca Nacional Pedro Henríquez Ureña Depósito 22.11.2023   BNPHU PD RD863.44 P925c 1984 2025-9385 03.09.2025 03.09.2025 Libro Donación e.2
    Dewey Decimal Classification Préstamo en sala   Dominicana de Servicio Biblioteca Nacional Pedro Henríquez Ureña Biblioteca Nacional Pedro Henríquez Ureña Depósito 22.11.2023   BNPHU DS RD863.44 P925c 1984 2025-9386 03.09.2025 03.09.2025 Libro Donación e.3

Con tecnología Koha